00446nam a2200169Ia 4500003000400000005001700004008004100021020001500062040000700077041000800084082001800092100002200110245007700132260003900209300001500248365001300263OSt20230403142432.0210423s2001 xx 000 0 und d a1403911029 cAL aeng a232.0954 KERH aKERSTEN (Holger). aJesus lived in India: his unknown life before and after the crucifixion. aNew DelhibPenguin Books Ltdc2001 avi,264bPB b299cINR